[Event "Araraquara op 2nd"]
[Site "Araraquara"]
[Date "2024.02.10"]
[Round "1"]
[White "Delgado Ramirez, Neuris"]
[Black "Caetano, Marco Antonio"]
[Result "1-0"]
[WhiteElo "2517"]
[BlackElo "1606"]
[PlyCount "81"]
[EventDate "2024.02.10"]
[EventType "swiss"]
[EventRounds "7"]
[EventCountry "BRA"]
[SourceTitle "CB09_2024"]
[SourceDate "2024.02.28"]
[SourceVersion "1"]
[SourceVersionDate "2024.02.28"]
[SourceQuality "1"]

1. e4 c5 2. Nf3 d6 3. Bc4 Nf6 4. d3 Nc6 5. c3 g6 6. 0-0 Bg7 7. Re1 0-0 8. Bb3 Bg4 9. Nbd2 b5 10. h3 Bxf3 11. Nxf3 Qa5 12. d4 Nd7 13. dxc5 Nxc5 14. Bd5 Qb6 15. Nd4 Ne5 16. Bxa8 Rxa8 17. Be3 Nc4 18. Qc2 Nxe3 19. Rxe3 Rc8 20. Rd1 Nd7 21. Nf3 Qc6 22. Qe2 Nb6 23. Nd4 Qc4 24. Qxc4 Nxc4 25. Re2 a6 26. f4 e5 27. fxe5 Bxe5 28. Kf2 h5 29. Nf3 Bf4 30. g3 Bh6 31. b3 Ne5 32. Nxe5 dxe5 33. c4 bxc4 34. Rc2 c3 35. Rd3 h4 36. Rdxc3 hxg3+ 37. Kxg3 Bf4+ 38. Kf3 Rd8 39. Rc8 Rxc8 40. Rc4 Rc7 41. Rxc7 1-0

[Event "Sunnyvale 1000 GM MLK IM"]
[Site "Sunnyvale"]
[Date "2024.01.20"]
[Round "7"]
[White "Delgado Ramirez, Neuris"]
[Black "Arenas Vanegas, David"]
[Result "1/2-1/2"]
[WhiteElo "2517"]
[BlackElo "2406"]
[PlyCount "50"]
[EventDate "2024.01.13"]
[EventType "tourn"]
[EventRounds "9"]
[EventCountry "USA"]
[EventCategory "2"]
[SourceTitle "CB04_2024"]
[SourceDate "2023.10.16"]
[SourceVersion "1"]
[SourceVersionDate "2023.10.16"]
[SourceQuality "1"]

1. e4 e5 2. Nf3 Nc6 3. Bb5 a6 4. Ba4 Nf6 5. 0-0 Be7 6. Re1 b5 7. Bb3 d6 8. c3 0-0 9. h3 Na5 10. Bc2 c5 11. d3 Qc7 12. Nbd2 Nc6 13. Nf1 h6 14. Ng3 Re8 15. a4 Be6 16. Nh4 Bf8 17. Nhf5 Kh7 18. axb5 axb5 19. Rxa8 Rxa8 20. d4 cxd4 21. Nxd4 Nxd4 22. cxd4 Ra1 23. Bd3 Bc4 24. Qc2 Qa5 25. Rd1 Bxd3 1/2-1/2

[Event "Sunnyvale 1000 GM Winter 01"]
[Site "Sunnyvale"]
[Date "2024.01.04"]
[Round "4"]
[White "Delgado Ramirez, Neuris"]
[Black "Nathan, Nitish"]
[Result "1-0"]
[WhiteElo "2517"]
[BlackElo "2190"]
[PlyCount "85"]
[EventDate "2024.01.02"]
[EventType "schev"]
[EventRounds "9"]
[EventCountry "USA"]
[SourceTitle "CB02_2024"]
[SourceDate "2024.01.10"]
[SourceVersion "1"]
[SourceVersionDate "2024.01.10"]
[SourceQuality "1"]

1. e4 c5 2. Nf3 Nc6 3. d4 cxd4 4. Nxd4 e5 5. Nb5 d6 6. c4 Be7 7. N5c3 Nf6 8. Bd3 0-0 9. 0-0 Nd7 10. Nd5 Bg5 11. Nbc3 Bxc1 12. Rxc1 Nc5 13. b4 Nxd3 14. Qxd3 Be6 15. a3 a6 16. Na4 Nd4 17. Nab6 Rb8 18. f4 Bxd5 19. Nxd5 f6 20. f5 Kh8 21. Kh1 Rc8 22. a4 a5 23. bxa5 Qxa5 24. Ne7 Qxa4 25. Nxc8 Rxc8 26. Ra1 Qc6 27. Rfb1 h6 28. h3 Rc7 29. Ra8+ Kh7 30. Qg3 Rc8 31. Rxc8 Qxc8 32. Ra1 b5 33. Ra7 Qf8 34. cxb5 Nxb5 35. Rd7 Nd4 36. Kh2 Kg8 37. Qc3 Kh7 38. Qc7 Nb5 39. Qb6 Nd4 40. Rd8 Qf7 41. Qb8 g6 42. Rf8 Qg7 43. fxg6+ 1-0

[Event "Sunnyvale 1000 GM Winter 01"]
[Site "Sunnyvale"]
[Date "2024.01.03"]
[Round "3"]
[White "Rajaram, Rohan"]
[Black "Delgado Ramirez, Neuris"]
[Result "0-1"]
[WhiteElo "2151"]
[BlackElo "2517"]
[PlyCount "74"]
[EventDate "2024.01.02"]
[EventType "schev"]
[EventRounds "9"]
[EventCountry "USA"]
[SourceTitle "CB02_2024"]
[SourceDate "2024.01.10"]
[SourceVersion "1"]
[SourceVersionDate "2024.01.10"]
[SourceQuality "1"]

1. d4 Nf6 2. c4 e6 3. Nf3 b6 4. g3 Ba6 5. Nbd2 Bb4 6. Qc2 Bb7 7. Bg2 Be4 8. Qd1 Bxd2+ 9. Bxd2 0-0 10. 0-0 d6 11. Rc1 Nbd7 12. Bf4 Re8 13. Qb3 h6 14. Rfd1 Qe7 15. Qc3 a5 16. a3 a4 17. Nd2 Bxg2 18. Kxg2 c5 19. Be3 Rec8 20. Nf3 d5 21. cxd5 exd5 22. Qc2 Qe6 23. Bf4 Ne4 24. Nd2 Ndf6 25. Nxe4 dxe4 26. dxc5 Rxc5 27. Qd2 Rd5 28. Qc3 Rh5 29. h4 Nd5 30. Qd2 Rd8 31. Kg1 g5 32. Bc7 Rd7 33. Bb8 gxh4 34. Qd4 Nf6 35. Qe3 hxg3 36. Rxd7 Rh1+ 37. Kxh1 Qh3+ 0-1

[Event "Sunnyvale 1000 GM Winter 12"]
[Site "Sunnyvale"]
[Date "2023.12.27"]
[Round "2"]
[White "Delgado Ramirez, Neuris"]
[Black "Nathan, Nitish"]
[Result "1-0"]
[WhiteElo "2518"]
[BlackElo "2190"]
[PlyCount "113"]
[EventDate "2023.12.26"]
[EventType "schev"]
[EventRounds "9"]
[EventCountry "USA"]
[SourceTitle "CB01_2024"]
[SourceDate "2024.01.03"]
[SourceVersion "1"]
[SourceVersionDate "2024.01.03"]
[SourceQuality "1"]

1. e4 c5 2. Nf3 Nc6 3. Bb5 e6 4. 0-0 Nge7 5. c3 a6 6. Ba4 b5 7. Bc2 Ng6 8. Re1 Be7 9. d4 cxd4 10. cxd4 d5 11. Nc3 0-0 12. e5 f5 13. exf6 Bxf6 14. Bxg6 hxg6 15. Bf4 g5 16. Bg3 Qb6 17. Ne2 Bd7 18. h3 Be8 19. Bd6 Rf7 20. Bc5 Qd8 21. Nc1 Qc7 22. Nd3 Bd7 23. Qd2 Qd8 24. Re2 Rc8 25. Rae1 Be7 26. Bxe7 Qxe7 27. Nde5 Rf5 28. Nxc6 Rxc6 29. Ne5 Rd6 30. Qb4 Be8 31. Rc2 Rd7 32. Qa5 Rd6 33. Rc7 Qf8 34. Rc8 Qe7 35. Qa3 Rf8 36. Rec1 a5 37. R1c7 Qf6 38. Qe3 Qf5 39. Rb8 Qf6 40. Rcc8 Qe7 41. Ng6 Bxg6 42. Rxf8+ Qxf8 43. Rxf8+ Kxf8 44. Qxg5 Bf7 45. Qg3 Rc6 46. Qa3+ b4 47. Qxa5 Rc4 48. b3 Rc1+ 49. Kh2 Rc2 50. Qxb4+ Kg8 51. a4 Rxf2 52. a5 Bg6 53. a6 Be4 54. Kg1 Rxg2+ 55. Kf1 Ra2 56. a7 Kh7 57. Qa4 1-0

[Event "Ojinaga Perla del Desierto op"]
[Site "Ojinaga"]
[Date "2023.10.28"]
[Round "6"]
[White "Delgado Ramirez, Neuris"]
[Black "Sierra Arballo, Jesus"]
[Result "1-0"]
[WhiteElo "2528"]
[BlackElo "1787"]
[PlyCount "83"]
[EventDate "2023.10.26"]
[EventType "swiss"]
[EventRounds "7"]
[EventCountry "MEX"]
[SourceTitle "Mega2024 Update 01"]
[Source "Chessbase"]
[SourceDate "2023.11.12"]
[SourceVersion "1"]
[SourceVersionDate "2023.11.12"]
[SourceQuality "1"]

1. e4 e5 2. Nf3 Nc6 3. Bc4 Nf6 4. d3 h6 5. c3 d6 6. Nbd2 g6 7. Nf1 Bg7 8. Ng3 0-0 9. 0-0 Qe7 10. Re1 a6 11. Bb3 Kh8 12. h3 Nd8 13. d4 Nd7 14. Be3 Ne6 15. Qd2 Kh7 16. Rad1 Qf6 17. Ne2 g5 18. Bxe6 fxe6 19. dxe5 Nxe5 20. Nxe5 dxe5 21. Ng3 Qg6 22. Qe2 Rf7 23. Nh5 Bf8 24. Rd8 b6 25. Red1 Bb7 26. Rxa8 Bxa8 27. Ng3 a5 28. Qc4 h5 29. Rd8 Bb7 30. Rb8 c5 31. Qb5 Bxe4 32. Nxe4 Qxe4 33. Qxb6 g4 34. hxg4 Qxg4 35. Rb7 Kg6 36. Rxf7 Kxf7 37. Bxc5 Bh6 38. Qc7+ Kg6 39. Qxe5 Bf4 40. Qe4+ Kg7 41. g3 e5 42. Be3 1-0

[Event "Comodoro Rivadavia"]
[Site "Comodoro Rivadavia"]
[Date "2023.09.15"]
[Round "6"]
[White "Delgado Ramirez, Neuris"]
[Black "Oro, Faustino"]
[Result "1/2-1/2"]
[WhiteElo "2548"]
[BlackElo "2325"]
[PlyCount "64"]
[EventDate "2023.09.12"]
[EventType "tourn"]
[EventRounds "9"]
[EventCountry "ARG"]
[EventCategory "2"]
[SourceTitle "EXT 2024"]
[Source "ChessBase"]
[SourceDate "2023.10.10"]
[SourceVersion "1"]
[SourceVersionDate "2023.10.10"]
[SourceQuality "1"]

1. e4 e5 2. Nf3 Nf6 3. Nxe5 d6 4. Nf3 Nxe4 5. Bd3 Nf6 6. 0-0 Be7 7. h3 0-0 8. c3 h6 9. Bc2 d5 10. d4 Bd6 11. Re1 Re8 12. Nbd2 Nc6 13. Nf1 Rxe1 14. Qxe1 Ne7 15. Ne5 Bf5 16. Bxf5 Nxf5 17. Bf4 Qc8 18. Qe2 Qe6 19. Qb5 Rb8 20. Re1 a6 21. Qb3 Ne7 22. Nd3 Qd7 23. Bxd6 Qxd6 24. Ng3 Nd7 25. Re3 b6 26. Qd1 c5 27. Qe2 Kf8 28. Ne5 a5 29. Qd3 Kg8 30. Nxd7 Qxd7 31. Qe2 Kf8 32. Qd3 Kg8 1/2-1/2

[Event "Comodoro Rivadavia"]
[Site "Comodoro Rivadavia"]
[Date "2023.09.13"]
[Round "2"]
[White "Delgado Ramirez, Neuris"]
[Black "Gomez Barrera, Javiera Belen"]
[Result "1/2-1/2"]
[WhiteElo "2548"]
[BlackElo "2231"]
[PlyCount "100"]
[EventDate "2023.09.12"]
[EventType "tourn"]
[EventRounds "9"]
[EventCountry "ARG"]
[EventCategory "2"]
[SourceTitle "EXT 2024"]
[Source "ChessBase"]
[SourceDate "2023.10.10"]
[SourceVersion "1"]
[SourceVersionDate "2023.10.10"]
[SourceQuality "1"]

1. e4 e5 2. Nf3 Nc6 3. Bc4 Bc5 4. d3 Nf6 5. Bg5 h6 6. Bh4 d6 7. c3 g5 8. Bg3 a6 9. a4 Ba7 10. Nbd2 Nd7 11. b4 Qe7 12. Ba2 h5 13. h3 Nf8 14. b5 Na5 15. Nc4 Nxc4 16. Bxc4 h4 17. Bh2 Ng6 18. bxa6 bxa6 19. Qd2 f6 20. d4 Kf8 21. Bd5 Rb8 22. Qd3 Kg7 23. Nd2 a5 24. 0-0 Qd7 25. Kh1 g4 26. Rg1 Rb2 27. Qe3 g3 28. fxg3 hxg3 29. Qxg3 Rxd2 30. Rgf1 Qe7 31. Qe3 Rb2 32. Rf3 exd4 33. cxd4 Be6 34. Bxe6 Qxe6 35. Raf1 Rf8 36. Qc3 Rb4 37. Qxc7+ Rf7 38. Qxa5 Rbb7 39. Qf5 Qxf5 40. exf5 Ne7 41. Bxd6 Bxd4 42. Re1 Nc8 43. Bf4 Rfe7 44. Rxe7+ Nxe7 45. g4 Nd5 46. Kg2 Rb2+ 47. Kf1 Nxf4 48. Rxf4 Be5 49. Re4 Rh2 50. g5 Rxh3 1/2-1/2

[Event "Carballo Concello 6th"]
[Site "Carballo"]
[Date "2023.08.29"]
[Round "6"]
[White "Sakulski, Bernard"]
[Black "Delgado Ramirez, Neuris"]
[Result "1/2-1/2"]
[WhiteElo "1996"]
[BlackElo "2553"]
[PlyCount "89"]
[EventDate "2023.08.25"]
[EventType "swiss"]
[EventRounds "9"]
[EventCountry "ESP"]
[SourceTitle "EXT 2024"]
[Source "ChessBase"]
[SourceDate "2023.10.10"]
[SourceVersion "1"]
[SourceVersionDate "2023.10.10"]
[SourceQuality "1"]

1. c4 b6 2. Nc3 Bb7 3. e4 e5 4. g3 f5 5. Bg2 Nf6 6. d3 Bb4 7. Nge2 fxe4 8. 0-0 0-0 9. dxe4 Bc5 10. h3 Nc6 11. Bg5 h6 12. Be3 d6 13. a3 a5 14. b3 Nd7 15. Qd2 Bxe3 16. Qxe3 Nc5 17. Nb5 a4 18. b4 Nb3 19. Rad1 Ba6 20. Nxd6 cxd6 21. b5 Ncd4 22. bxa6 Qc7 23. Nc3 Qxc4 24. Nd5 Rxa6 25. Kh2 Nc2 26. Qc3 Nxa3 27. Qb2 Nc2 28. Ne3 Nxe3 29. fxe3 b5 30. Rxf8+ Kxf8 31. Bf1 Qc6 32. Qf2+ Kg8 33. h4 Ra7 34. Bh3 Nc5 35. Rf1 Qe8 36. Qa2+ Nb3 37. Qa3 Ra6 38. Rd1 Rc6 39. Rxd6 Qf8 40. Be6+ Kh8 41. Rxc6 Qf2+ 42. Kh3 Qf1+ 43. Kg4 Qe2+ 44. Kh3 Qf1+ 45. Kg4 1/2-1/2

[Event "Carballo Concello 6th"]
[Site "Carballo"]
[Date "2023.08.28"]
[Round "5"]
[White "Delgado Ramirez, Neuris"]
[Black "Strikovic, Aleksa"]
[Result "1/2-1/2"]
[WhiteElo "2553"]
[BlackElo "2456"]
[PlyCount "79"]
[EventDate "2023.08.25"]
[EventType "swiss"]
[EventRounds "9"]
[EventCountry "ESP"]
[SourceTitle "EXT 2024"]
[Source "ChessBase"]
[SourceDate "2023.10.10"]
[SourceVersion "1"]
[SourceVersionDate "2023.10.10"]
[SourceQuality "1"]

1. e4 d6 2. d4 Nf6 3. Nc3 e5 4. Nge2 c6 5. h3 Nbd7 6. g4 h6 7. a4 Be7 8. Bg2 Nf8 9. Qd3 Ng6 10. Bd2 Nh4 11. Qg3 g5 12. 0-0-0 Qc7 13. Rhe1 a6 14. Bf1 Bd7 15. dxe5 dxe5 16. Nd4 0-0-0 17. Nf5 Bxf5 18. exf5 Bc5 19. Ne4 Nxe4 20. Rxe4 f6 21. Be3 Rxd1+ 22. Kxd1 Rd8+ 23. Bd3 Qd6 24. Ke2 Qd5 25. Qg1 Kb8 26. b3 a5 27. Qf1 Rd7 28. Bd2 Bb6 29. f3 h5 30. Be1 hxg4 31. hxg4 Qc5 32. b4 axb4 33. Bxb4 Qg1 34. Qxg1 Bxg1 35. Bc4 Ba7 36. Be6 Rh7 37. Ba5 Rh8 38. Bb4 Rh7 39. Ba5 Rh8 40. Bb4 1/2-1/2

[Event "Carballo Concello 6th"]
[Site "Carballo"]
[Date "2023.08.26"]
[Round "2"]
[White "Arias Rodriguez, Manuel Ramon"]
[Black "Delgado Ramirez, Neuris"]
[Result "0-1"]
[WhiteElo "1868"]
[BlackElo "2553"]
[PlyCount "72"]
[EventDate "2023.08.25"]
[EventType "swiss"]
[EventRounds "9"]
[EventCountry "ESP"]
[SourceTitle "EXT 2024"]
[Source "ChessBase"]
[SourceDate "2023.10.10"]
[SourceVersion "1"]
[SourceVersionDate "2023.10.10"]
[SourceQuality "1"]

1. c4 e5 2. Nc3 Nf6 3. Nf3 e4 4. Ng5 c6 5. Ngxe4 Nxe4 6. Nxe4 d5 7. cxd5 cxd5 8. Ng3 h5 9. e3 h4 10. Bb5+ Bd7 11. Bxd7+ Qxd7 12. Ne2 h3 13. g3 Nc6 14. d3 Qf5 15. Nd4 Nxd4 16. exd4 Bd6 17. a3 0-0-0 18. Be3 Kb8 19. Qe2 Rc8 20. Kd2 g5 21. Rac1 Rce8 22. Kc2 Re6 23. Kb1 Rhe8 24. Qc2 a6 25. Qb3 Ka7 26. Ka2 Bf8 27. Rc7 Rb6 28. Qc2 Bd6 29. Rc3 Qf3 30. Rg1 f5 31. Qd1 Qxd1 32. Rxd1 f4 33. Bc1 Re2 34. Rd2 Re1 35. Rcc2 Rh1 36. gxf4 Bxf4 0-1

[Event "Carballo Xiria"]
[Site "Carballo"]
[Date "2023.08.24"]
[Round "6"]
[White "Delgado Ramirez, Neuris"]
[Black "Strikovic, Aleksa"]
[Result "1/2-1/2"]
[WhiteElo "2558"]
[BlackElo "2459"]
[PlyCount "46"]
[EventDate "2023.08.21"]
[EventType "tourn"]
[EventRounds "9"]
[EventCountry "ESP"]
[EventCategory "6"]
[SourceTitle "CBM 215 Extra"]
[Source "ChessBase"]
[SourceDate "2023.09.30"]
[SourceVersion "1"]
[SourceVersionDate "2023.09.30"]
[SourceQuality "1"]

1. e4 d6 2. d4 Nf6 3. Nc3 e5 4. Nf3 Nbd7 5. Bc4 Be7 6. 0-0 0-0 7. a4 exd4 8. Qxd4 Nc5 9. Re1 a5 10. h3 Be6 11. Bf1 c6 12. Bg5 h6 13. Bh4 Qb6 14. Rad1 Rfe8 15. b3 Rad8 16. Qe3 Bc8 17. Bc4 Ncd7 18. Bg3 Qxe3 19. Rxe3 Nc5 20. e5 dxe5 21. Rxd8 Rxd8 22. Nxe5 Be6 23. Nf3 Bd6 1/2-1/2

[Event "Florianopolis Winter op"]
[Site "Florianopolis"]
[Date "2023.07.14"]
[Round "6"]
[White "Delgado Ramirez, Neuris"]
[Black "Aranha Filho, Alvaro Zimmermann"]
[Result "1-0"]
[WhiteElo "2553"]
[BlackElo "2137"]
[PlyCount "51"]
[EventDate "2023.07.11"]
[EventType "tourn"]
[EventRounds "9"]
[EventCountry "BRA"]
[SourceTitle "EXT 2024"]
[Source "ChessBase"]
[SourceDate "2023.10.10"]
[SourceVersion "1"]
[SourceVersionDate "2023.10.10"]
[SourceQuality "1"]

1. e4 c5 2. Nf3 Nc6 3. Bb5 g6 4. Bxc6 dxc6 5. d3 Bg7 6. a4 a5 7. h3 Nf6 8. Be3 Nd7 9. Qc1 h6 10. Na3 b6 11. 0-0 Nf8 12. Rd1 e5 13. c3 Ne6 14. Nc4 Qc7 15. d4 exd4 16. cxd4 cxd4 17. Nxd4 Nxd4 18. Bxd4 Bxd4 19. Rxd4 Be6 20. Nd6+ Kf8 21. Qc3 Kg8 22. f4 Rd8 23. Rad1 Kh7 24. f5 Bc8 25. Nxf7 Rxd4 26. fxg6+ 1-0

[Event "Florianopolis Winter op"]
[Site "Florianopolis"]
[Date "2023.07.13"]
[Round "4"]
[White "Do Valle Cardoso, Lucas"]
[Black "Delgado Ramirez, Neuris"]
[Result "1/2-1/2"]
[WhiteElo "2243"]
[BlackElo "2553"]
[PlyCount "114"]
[EventDate "2023.07.11"]
[EventType "tourn"]
[EventRounds "9"]
[EventCountry "BRA"]
[SourceTitle "EXT 2024"]
[Source "ChessBase"]
[SourceDate "2023.10.10"]
[SourceVersion "1"]
[SourceVersionDate "2023.10.10"]
[SourceQuality "1"]

1. e4 c5 2. Nf3 d6 3. d4 Nf6 4. Nc3 cxd4 5. Nxd4 Nc6 6. Bc4 e6 7. Bb3 Bd7 8. 0-0 Be7 9. f4 0-0 10. f5 Nxd4 11. Qxd4 Ng4 12. h3 Bf6 13. Qxd6 Be5 14. Qd2 Qh4 15. Qg5 Bd4+ 16. Kh1 Nf2+ 17. Kh2 Be5+ 18. Kg1 Qxg5 19. Bxg5 Bxc3 20. Kxf2 Bxb2 21. Rad1 Bb5 22. Rfe1 h6 23. Bc1 Bxc1 24. Rxc1 Rac8 25. Rcd1 exf5 26. exf5 Rfe8 27. a4 Bc6 28. a5 Kf8 29. Rxe8+ Bxe8 30. g4 Ke7 31. h4 Bb5 32. Rd4 Rc3 33. g5 hxg5 34. hxg5 Bc6 35. f6+ gxf6 36. gxf6+ Kxf6 37. Rf4+ Kg6 38. Rg4+ Kh6 39. Rf4 Kg6 40. Rg4+ Kf5 41. Rg7 f6 42. a6 bxa6 43. Rxa7 Bb5 44. Ke1 Ke5 45. Kd2 Rh3 46. Kc1 f5 47. Kb2 f4 48. c4 Bc6 49. Rxa6 f3 50. Rxc6 f2 51. Rc5+ Kf6 52. Rc6+ Kf7 53. Rc7+ Kf6 54. Rc6+ Kg5 55. Rc5+ Kf6 56. Rc6+ Ke5 57. Rc5+ Kf6 1/2-1/2